• 首页
  • 本馆介绍
  • 公告通知
  • 最新文献
  • 馆藏检索
  • 电子资源
  • 读者导购
  • 参考咨询
  • 我的图书馆
  • 登录
  • 详细信息显示
  • 放入我的书架
  • 预约/预借图书
  • 作者相关作品
  • 分类相关作品
  • 丛书相关作品
  • 出版社相关作品

书目信息

  • 表格格式
  • 工作单格式
  • 卡片格式
题名:
仓央嘉措
    
 
作者: 高平 著
分册:  
出版信息: 北京   国际文化出版公司  2010.07
页数: 301页
开本: 24cm
丛书名:
单 册:
中图分类: I247.53 , B949.92
科图分类:
主题词: 传记小说--中国--现代 , 传记小说
电子资源:
ISBN: 978-7-5125-0049-5
000 00927nam0 2200277 450
001 010700093300
005 20120626151701.04
010    @a978-7-5125-0049-5@dCNY29.80
100    @a20100716d2010 em y0chiy0110 ea
101 0  @achi
102    @aCN@b110000
105    @ay z 000ab
106    @ar
200 1  @a仓央嘉措@9cang yang jia cuo@f高平著
210    @a北京@c国际文化出版公司@d2010.07
215    @a301页@d24cm
330    @a本书以评传体小说的形式,再现了仓央嘉措充满矛盾、痛苦,却因爱情的照耀而华彩灿烂的一生,并以其行事为中心,向读者展示了当时西藏风云变幻的政治局势,以及哺育诗人成长的西藏民间文化的广阔图景。
600  0 @a仓央嘉措@f1683~1706@x评传
600  0 @a仓央嘉措@f1683~1706
606 0  @a传记小说@y中国@z现代
606 0  @a传记小说
690    @aI247.53@v4
690    @aB949.92@v4
701  0 @a高平@9gao ping@f(1932~)@4著
801  0 @aCN@bRENTIAN@c20100716
905    @b540644-48@dI247.53@e2526@f5
    
    仓央嘉措/高平著.-北京:国际文化出版公司,2010.07
    301页;24cm
    
    
    ISBN 978-7-5125-0049-5:CNY29.80
    本书以评传体小说的形式,再现了仓央嘉措充满矛盾、痛苦,却因爱情的照耀而华彩灿烂的一生,并以其行事为中心,向读者展示了当时西藏风云变幻的政治局势,以及哺育诗人成长的西藏民间文化的广阔图景。
●
相关链接 在E读中查询图书 在五车中查询图书 在当当中查询图书 在豆瓣中查询图书


正题名:仓央嘉措     索取号:I247.53/2526         预约/预借

序号 登录号 条形码 馆藏地/架位号 状态 备注
1 540644   205406443   第一样本阅览室/ [索取号:I247.53/2526] 在馆    
2 540645   205406452   第二借阅区/ [索取号:I247.53/2526] 在馆    
3 540646   205406461   第二借阅区/ [索取号:I247.53/2526] 在馆    
4 540647   205406470   第二借阅区/ [索取号:I247.53/2526] 在馆    
5 540648   205406489   第二借阅区/ [索取号:I247.53/2526] 在馆    
唐山师范学院图书馆 欢迎您!
大连网信软件有限公司© 版权所有